UBT Library

The Federalist, (Record no. 44367)

000 -LEADER
fixed length control field 00680cam a22002411 4500
001 - CONTROL NUMBER
control field 7020960
005 - DATE AND TIME OF LATEST TRANSACTION
control field 20180308032944.0
008 - FIXED-LENGTH DATA ELEMENTS--GENERAL INFORMATION
fixed length control field 821021s1960 mdu b 001 0 eng
010 ## - LIBRARY OF CONGRESS CONTROL NUMBER
LC control number 60011204
015 ## - NATIONAL BIBLIOGRAPHY NUMBER
National bibliography number GB60-19522
035 ## - SYSTEM CONTROL NUMBER
System control number (OCoLC)8880060
040 ## - CATALOGING SOURCE
Original cataloging agency DLC
Transcribing agency ICarbS
Modifying agency ICarbS
-- OCoLC
-- OrPS
-- ODa
-- Uk
-- NSyU
-- DLC
041 ## - LANGUAGE CODE
Language code of text/sound track or separate title eng
042 ## - AUTHENTICATION CODE
Authentication code premarc
080 ## - UNIVERSAL DECIMAL CLASSIFICATION NUMBER
Universal Decimal Classification number 342.733 DIE
082 ## - DEWEY DECIMAL CLASSIFICATION NUMBER
Classification number 342.733 DIE
100 1# - Rafti
Rafti 20
101 ## - Shkurtesa
Shkurtesa POL
245 14 - TITLE STATEMENT
Title The Federalist,
504 ## - BIBLIOGRAPHY, ETC. NOTE
Bibliography, etc Bibliographical footnotes. Bibliography: p. 355-358.
906 ## - LOCAL DATA ELEMENT F, LDF (RLIN)
a 7
b cbc
c oclcrpl
d u
e ncip
f 19
g y-gencatlg
942 ## - ADDED ENTRY ELEMENTS (KOHA)
Source of classification or shelving scheme
Item type Books
Holdings
Withdrawn status Lost status Source of classification or shelving scheme Damaged status Not for loan Collection code Permanent location Current location Shelving location Date acquired Total Checkouts Full call number Barcode Date last seen Price effective from Koha item type
          Koleksioni i përgjithshem UBT - Lipjan UBT - Lipjan Koleksioni i përgjithshem 03/08/2018   342.733 DIE 002-3000855 03/08/2018 03/08/2018 Books
UBT Library © 2015-2024. All rights reserved University Education for Business and Technology